[Event "Queima das Fitas op"]
[Site "Coimbra"]
[Date "2024.04.25"]
[Round "2"]
[White "Vasconcelos, Paulo"]
[Black "Goncalves, Carlos Manuel Marq"]
[Result "1-0"]
[WhiteElo "2093"]
[BlackElo "1781"]
[PlyCount "47"]
[EventDate "2024.04.25"]
[EventType "swiss"]
[EventRounds "7"]
[EventCountry "POR"]
[SourceTitle "CB18_2024"]
[SourceDate "2024.05.01"]
[SourceVersion "1"]
[SourceVersionDate "2024.05.01"]
[SourceQuality "2"]

1. e4 c6 2. d4 d5 3. e5 c5 4. dxc5 Nc6 5. f4 e6 6. Be3 Qa5+ 7. c3 d4 8. b4 Nxb4 9. cxb4 Qxb4+ 10. Qd2 Bxc5 11. Qxb4 Bxb4+ 12. Bd2 Bxd2+ 13. Nxd2 Bd7 14. Ngf3 Ne7 15. Nxd4 Nd5 16. g3 0-0 17. Ne4 f6 18. Nd6 fxe5 19. fxe5 Ne7 20. Bc4 Ng6 21. Nxe6 Nxe5 22. Nxf8+ Nxc4 23. Nxd7 Nxd6 24. 0-0 1-0

[Event "Cascais Honor"]
[Site "Cascais"]
[Date "2018.08.16"]
[Round "7"]
[White "Goncalves, Carlos Manuel Marq"]
[Black "Santos, Jose Guilherme B Li"]
[Result "0-1"]
[WhiteElo "1645"]
[BlackElo "2062"]
[PlyCount "96"]
[EventDate "2018.08.11"]
[EventType "tourn"]
[EventRounds "9"]
[EventCountry "POR"]
[SourceTitle "CBM 186 Extra"]
[Source "ChessBase"]
[SourceDate "2018.08.24"]
[SourceVersion "1"]
[SourceVersionDate "2018.08.24"]
[SourceQuality "1"]

1. Nf3 Nf6 2. g3 d6 3. Bg2 Nbd7 4. 0-0 e5 5. d3 Be7 6. e4 0-0 7. Nbd2 c6 8. Re1 Qc7 9. Nf1 Re8 10. a3 d5 11. exd5 cxd5 12. Bg5 h6 13. Bd2 Bf8 14. h4 Nb6 15. N3h2 Bd7 16. Ba5 d4 17. Nd2 Qb8 18. Bxb6 axb6 19. Nc4 Qc7 20. Nf3 Bg4 21. Qd2 Bxf3 22. Bxf3 b5 23. Nxe5 Rxe5 24. Rxe5 Qxe5 25. Bxb7 Re8 26. Bc6 Re6 27. Bg2 Qe2 28. Qxe2 Rxe2 29. Rc1 Bd6 30. Kf1 Re5 31. b4 Nd5 32. c4 dxc3 33. Bxd5 Rxd5 34. Rxc3 Kf8 35. f4 Ke7 36. Ke2 Kd7 37. Ke3 f5 38. d4 Be7 39. Rd3 Bf6 40. Rd1 Rd6 41. Rd2 Re6+ 42. Kd3 Ra6 43. Ra2 Kd6 44. a4 Rxa4 45. Rxa4 bxa4 46. Kc4 a3 47. Kb3 Bxd4 48. Kxa3 Bf2 0-1